000 00503nam a2200169Ia 4500
008 090711s9999 xx 000 0 und d
082 _b79029
100 _aभागवत सरोज नं.
245 _aनिगराणी
260 _bगौरी प्रकाशन
_c1996
300 _a232
600 _aभागवत सरोज नं.
630 _aनिगराणी
700 _aभागवत सरोज नं.
730 _aनिगराणी
942 _cBOOK
999 _c291143
_d291143